[Event "TUR-chT2"]
[Site "Konya"]
[Date "2018.07.14"]
[Round "7.3"]
[White "Gurel, Ahmet Unal"]
[Black "Kilinc, Bulent"]
[Result "1-0"]
[WhiteElo "1952"]
[BlackElo "1666"]
[PlyCount "89"]
[EventDate "2018.07.10"]
[EventType "team-swiss"]
[EventRounds "9"]
[EventCountry "TUR"]
[SourceTitle "EXT 2019"]
[Source "ChessBase"]
[SourceDate "2018.10.10"]
[SourceVersion "1"]
[SourceVersionDate "2018.10.10"]
[SourceQuality "1"]
[WhiteTeam "Ceylanpinar Belediyesi"]
[BlackTeam "Sakarya Buyuksehir"]
[WhiteTeamCountry "TUR"]
[BlackTeamCountry "TUR"]

1. d4 d5 2. Nf3 Nf6 3. Bf4 g6 4. e3 Bg7 5. h3 0-0 6. Bd3 Nbd7 7. Nbd2 c5 8. c3 b6 9. 0-0 Bb7 10. a4 c4 11. Bc2 a6 12. Re1 b5 13. Bh2 Re8 14. Ne5 Nxe5 15. dxe5 Nd7 16. f4 e6 17. Nf3 Nc5 18. Nd4 Qd7 19. Bg3 Bc6 20. Bh4 h6 21. axb5 axb5 22. Qg4 h5 23. Qg3 Nd3 24. Bxd3 cxd3 25. Rad1 b4 26. Rxd3 Bb5 27. Rd2 bxc3 28. bxc3 Rec8 29. Rb2 Bd3 30. Rc1 Bf8 31. Rf2 Ra3 32. Bf6 Raxc3 33. Rxc3 Rxc3 34. Kh2 Be4 35. f5 exf5 36. e6 Qc7 37. Be5 Qe7 38. Nxf5 Bxf5 39. Rxf5 Rxe3 40. exf7+ Qxf7 41. Rxf7 Rxg3 42. Rxf8+ Kxf8 43. Kxg3 Kf7 44. Kf4 Ke6 45. Bd4 1-0

[Event "Skopje Karposh op"]
[Site "Skopje"]
[Date "2018.03.24"]
[Round "1"]
[White "Gurel, Ahmet Unal"]
[Black "Janzelj, Tim"]
[Result "0-1"]
[WhiteElo "1945"]
[BlackElo "2440"]
[PlyCount "60"]
[EventDate "2018.03.24"]
[EventType "swiss"]
[EventRounds "9"]
[EventCountry "MKD"]
[SourceTitle "CBM 183 Extra"]
[Source "ChessBase"]
[SourceDate "2018.04.19"]
[SourceVersion "1"]
[SourceVersionDate "2018.04.19"]
[SourceQuality "1"]

1. d4 Nf6 2. Nf3 e6 3. Bf4 d5 4. e3 Bd6 5. Bg3 Ne4 6. Bd3 Nxg3 7. hxg3 Nd7 8. c3 f5 9. Nbd2 Nf6 10. Nb3 c6 11. Be2 Qc7 12. Rh3 0-0 13. Nc1 e5 14. dxe5 Bxe5 15. Nxe5 Qxe5 16. Rh4 Ne4 17. Nd3 Qd6 18. Rh1 Be6 19. Qc2 a5 20. 0-0-0 b5 21. Bf3 b4 22. c4 a4 23. Qe2 a3 24. Bxe4 fxe4 25. Nf4 Bf7 26. Rd2 b3 27. Kb1 Rfb8 28. cxd5 axb2 29. Rxb2 Rxa2 30. Rc1 Qa3 0-1

[Event "Hatay op 7th"]
[Site "Hatay"]
[Date "2016.08.31"]
[Round "7"]
[White "Tofan, Ismail"]
[Black "Gurel, Ahmet Unal"]
[Result "0-1"]
[WhiteElo "1667"]
[BlackElo "1973"]
[PlyCount "70"]
[EventDate "2016.08.27"]
[EventType "swiss"]
[EventRounds "9"]
[EventCountry "TUR"]
[SourceTitle "CBM 174 Extra"]
[Source "ChessBase"]
[SourceDate "2016.10.10"]
[SourceVersion "1"]
[SourceVersionDate "2016.10.10"]
[SourceQuality "1"]

1. Nf3 g6 2. g3 Bg7 3. c4 Nf6 4. Bg2 0-0 5. Nc3 c5 6. 0-0 d5 7. cxd5 Nxd5 8. Qb3 Nc7 9. d3 Nc6 10. Na4 b6 11. Ng5 Bd7 12. Nc3 Rc8 13. Bd2 e5 14. Nge4 h6 15. Qd1 Qe7 16. f3 f5 17. Nf2 Kh7 18. Qc1 Ne6 19. e3 f4 20. exf4 exf4 21. Nd5 Qf7 22. Nxf4 Nxf4 23. Bxf4 Nd4 24. Qd1 g5 25. Bd6 Rfe8 26. f4 Nf5 27. Be4 Kh8 28. Bxf5 Qxf5 29. Ne4 Bd4+ 30. Kg2 Rxe4 31. dxe4 Qxe4+ 32. Qf3 Qe6 33. Be5+ Bxe5 34. fxe5 Bc6 35. Rae1 Rf8 0-1

[Event "Hatay op 7th"]
[Site "Hatay"]
[Date "2016.08.29"]
[Round "5"]
[White "Saim, Sida"]
[Black "Gurel, Ahmet Unal"]
[Result "1-0"]
[WhiteElo "1643"]
[BlackElo "1973"]
[PlyCount "75"]
[EventDate "2016.08.27"]
[EventType "swiss"]
[EventRounds "9"]
[EventCountry "TUR"]
[SourceTitle "CBM 174 Extra"]
[Source "ChessBase"]
[SourceDate "2016.10.10"]
[SourceVersion "1"]
[SourceVersionDate "2016.10.10"]
[SourceQuality "1"]

1. d4 Nf6 2. c4 g6 3. Nc3 d5 4. e3 Bg7 5. Nf3 0-0 6. a3 a6 7. c5 Nc6 8. h3 Re8 9. b4 e5 10. Nxe5 Nxe5 11. dxe5 Rxe5 12. Bb2 Re8 13. Nb1 h5 14. Bd4 Bh6 15. Nc3 Bf5 16. Bd3 Ne4 17. Nxe4 dxe4 18. Be2 Qg5 19. g4 hxg4 20. Bxg4 Rad8 21. Bxf5 Qxf5 22. Qg4 Qe6 23. Qxe6 Rxe6 24. 0-0-0 Kf8 25. Bg7+ Kxg7 26. Rxd8 a5 27. Kb2 axb4 28. axb4 b6 29. Rd7 bxc5 30. bxc5 Rc6 31. Rc1 Bg5 32. Kb3 Kf6 33. Kc4 Ke6 34. Rd4 Ke5 35. Rd5+ Kf6 36. Kb5 Re6 37. Rd7 c6+ 38. Kb6 1-0

[Event "Hatay op 7th"]
[Site "Hatay"]
[Date "2016.08.28"]
[Round "3"]
[White "Zeynalov, Rashad"]
[Black "Gurel, Ahmet Unal"]
[Result "1-0"]
[WhiteElo "2187"]
[BlackElo "1973"]
[PlyCount "171"]
[EventDate "2016.08.27"]
[EventType "swiss"]
[EventRounds "9"]
[EventCountry "TUR"]
[SourceTitle "CBM 174 Extra"]
[Source "ChessBase"]
[SourceDate "2016.10.10"]
[SourceVersion "1"]
[SourceVersionDate "2016.10.10"]
[SourceQuality "1"]

1. d4 Nf6 2. Bf4 g6 3. e3 Bg7 4. Be2 0-0 5. Nf3 d6 6. 0-0 Nbd7 7. h3 Qe8 8. c4 e5 9. Bh2 Ne4 10. Nbd2 Nxd2 11. Qxd2 e4 12. Ne1 b6 13. Rc1 Bb7 14. Nc2 Qe7 15. Na3 Rfd8 16. Rfd1 Nf6 17. Qe1 c5 18. b4 Bc6 19. bxc5 dxc5 20. d5 Ba4 21. Rd2 Ne8 22. Bd1 Bd7 23. Nb1 Nd6 24. a4 Be5 25. Bxe5 Qxe5 26. a5 Qg5 27. Kh1 Re8 28. Ra2 Qh4 29. Qf1 f5 30. Ba4 Bxa4 31. Rxa4 f4 32. exf4 Qxf4 33. axb6 axb6 34. Nc3 Rxa4 35. Nxa4 Ra8 36. Nc3 Rf8 37. Qe1 Kg7 38. Rc2 Re8 39. Nd1 Ra8 40. Ne3 Qf6 41. Rc1 Ra2 42. Kg1 Qd4 43. Rd1 Qb2 44. Rb1 Qd4 45. Qc1 Ra6 46. Qc2 Ra1 47. Rxa1 Qxa1+ 48. Kh2 Qe5+ 49. g3 Qf6 50. Qa2 Nf7 51. Ng4 Qd4 52. Qa7 h5 53. Ne3 Qf6 54. Kg2 Kh6 55. Qb8 Kg7 56. Qc7 Qf3+ 57. Kf1 Qh1+ 58. Ke2 Qf3+ 59. Ke1 Qf6 60. Kf1 Qa1+ 61. Kg2 Qf6 62. h4 Qf3+ 63. Kg1 Qf6 64. Qc6 Qa1+ 65. Kg2 Qf6 66. Qc7 Qf3+ 67. Kg1 Qf6 68. Ng2 Qd6 69. Qa7 Kf6 70. Nf4 Ne5 71. Qh7 Qe7 72. Qh8+ Kf5 73. Qc8+ Kf6 74. Qa6 Nd7 75. Ne6 Qd6 76. Qa1+ Qe5 77. Qc1 Ke7 78. Qh6 Qf6 79. Qh7+ Kd6 80. Nf4 Ne5 81. Qb7 Nd7 82. Qc6+ Ke7 83. Nxg6+ Kf7 84. Qxd7+ Kxg6 85. Qe8+ Kg7 86. Qxe4 1-0

[Event "Skopje Karposh op"]
[Site "Skopje"]
[Date "2016.04.01"]
[Round "1"]
[White "Gurel, Ahmet Unal"]
[Black "Kovacevic, Aleksandar"]
[Result "0-1"]
[WhiteElo "2025"]
[BlackElo "2520"]
[PlyCount "65"]
[EventDate "2016.04.01"]
[EventType "swiss"]
[EventRounds "9"]
[EventCountry "MKD"]
[SourceTitle "CBM 171 Extra"]
[Source "ChessBase"]
[SourceDate "2016.04.26"]
[SourceVersion "1"]
[SourceVersionDate "2016.04.26"]
[SourceQuality "1"]

1. d4 Nf6 2. Nf3 e6 3. c4 c5 4. d5 d6 5. Nc3 exd5 6. cxd5 g6 7. Nd2 Bg7 8. e4 0-0 9. Be2 Na6 10. 0-0 Re8 11. h3 Nc7 12. Qc2 Rb8 13. a4 Na6 14. Bxa6 bxa6 15. Nc4 Rb4 16. Qd3 Nd7 17. Bf4 Ne5 18. Bxe5 Bxe5 19. Nxe5 Rxe5 20. f4 Re7 21. f5 Rxb2 22. f6 Re5 23. Rae1 h6 24. Nb1 Rg5 25. Nd2 Bxh3 26. Rf2 Bc8 27. Ref1 a5 28. Qc3 Rb4 29. Nf3 Rh5 30. e5 dxe5 31. Nxe5 Qd6 32. Re1 Rbh4 33. Rfe2 0-1

[Event "Skopje Karposh op"]
[Site "Skopje"]
[Date "2015.03.27"]
[Round "1"]
[White "Nedev, Trajce"]
[Black "Gurel, Ahmet Unal"]
[Result "1-0"]
[WhiteElo "2470"]
[BlackElo "2038"]
[PlyCount "127"]
[EventDate "2015.03.27"]
[EventType "swiss"]
[EventRounds "9"]
[EventCountry "MKD"]
[SourceTitle "CBM 165 Extra"]
[Source "ChessBase"]
[SourceDate "2015.04.21"]
[SourceVersion "1"]
[SourceVersionDate "2015.04.21"]
[SourceQuality "1"]

1. e4 e5 2. Nf3 Nc6 3. Bc4 Nf6 4. d3 Bc5 5. 0-0 d6 6. c3 Bb6 7. Nbd2 Ne7 8. Re1 0-0 9. Nf1 Ng6 10. Bb3 h6 11. Ng3 Nh7 12. h3 Qf6 13. Nh5 Qe7 14. d4 Ng5 15. Nh2 Ne6 16. Be3 Qh4 17. Ng3 Nef4 18. Bc2 Be6 19. Kh1 Qf6 20. Nf5 Rfe8 21. Ng4 Qd8 22. Qf3 Bxf5 23. exf5 Nh4 24. Qg3 Qg5 25. dxe5 dxe5 26. Bxb6 axb6 27. Ne3 Qf6 28. Ng4 Qg5 29. Ne3 Qf6 30. Be4 Rad8 31. Ng4 Qg5 32. Ne3 Qf6 33. Rad1 c6 34. Qh2 Nd5 35. Bxd5 cxd5 36. Nxd5 Qg5 37. f6 gxf6 38. Qg3 Kg7 39. Nxb6 Qxg3 40. fxg3 Nf5 41. g4 Ne7 42. a4 Nc6 43. b4 Rxd1 44. Rxd1 e4 45. Re1 Kg6 46. Nc4 Re6 47. b5 Ne7 48. Ne3 f5 49. gxf5+ Nxf5 50. Nd5 Kg5 51. c4 h5 52. a5 e3 53. b6 e2 54. Kg1 Nd4 55. Kf2 Re5 56. a6 bxa6 57. b7 Re8 58. h4+ Kxh4 59. Nc7 Rb8 60. Rb1 Nc2 61. Kxe2 Na3 62. Rb3 Nxc4 63. Nxa6 Re8+ 64. Kf2 1-0

[Event "Lisbon Christmas op"]
[Site "Lisbon"]
[Date "2014.12.30"]
[Round "8"]
[White "Gurel, Ahmet Unal"]
[Black "Damaso, Rui"]
[Result "0-1"]
[WhiteElo "2012"]
[BlackElo "2425"]
[PlyCount "72"]
[EventDate "2014.12.26"]
[EventType "swiss"]
[EventRounds "9"]
[EventCountry "POR"]
[SourceTitle "CBM 164 Extra"]
[Source "ChessBase"]
[SourceDate "2015.03.02"]
[SourceVersion "1"]
[SourceVersionDate "2015.03.02"]
[SourceQuality "1"]

1. d4 d6 2. Nf3 Nf6 3. c3 Nbd7 4. Nbd2 e5 5. e4 c6 6. Bd3 Be7 7. 0-0 0-0 8. dxe5 dxe5 9. Nc4 Qc7 10. Bg5 Re8 11. b4 b5 12. Ne3 a5 13. a4 axb4 14. axb5 Rxa1 15. Qxa1 Nc5 16. Bxf6 Bxf6 17. Bc4 Nxe4 18. cxb4 Nd6 19. bxc6 Qxc6 20. Bd5 Qb6 21. Qa4 Kf8 22. Rc1 e4 23. Nd2 Bg5 24. Qb3 Bd7 25. Ndc4 Nxc4 26. Rxc4 f5 27. Rc5 g6 28. Nc4 Qf6 29. Ra5 f4 30. b5 e3 31. fxe3 fxe3 32. Qb4+ Kg7 33. Qe1 e2 34. b6 Qd4+ 35. Kh1 Bf6 36. Nd2 Qxd2 0-1

[Event "Lisbon Christmas op"]
[Site "Lisbon"]
[Date "2014.12.29"]
[Round "7"]
[White "Lopez Mulet, Inigo"]
[Black "Gurel, Ahmet Unal"]
[Result "0-1"]
[WhiteElo "2403"]
[BlackElo "2012"]
[PlyCount "84"]
[EventDate "2014.12.26"]
[EventType "swiss"]
[EventRounds "9"]
[EventCountry "POR"]
[SourceTitle "CBM 164 Extra"]
[Source "ChessBase"]
[SourceDate "2015.03.02"]
[SourceVersion "1"]
[SourceVersionDate "2015.03.02"]
[SourceQuality "1"]

1. d4 Nf6 2. c4 e6 3. g3 c5 4. d5 b5 5. dxe6 fxe6 6. Bg2 d5 7. cxb5 Nbd7 8. Nf3 Bd6 9. 0-0 0-0 10. Nfd2 Bb7 11. e4 Qc7 12. f4 dxe4 13. Nc3 Rad8 14. Ndxe4 Nxe4 15. Nxe4 Nf6 16. Qc2 Bxe4 17. Bxe4 c4 18. Kg2 Qc5 19. a4 Qd4 20. Bf3 Bb4 21. Rd1 Qc5 22. Bd2 Nd5 23. Bxb4 Ne3+ 24. Kh1 Qxb4 25. Qc3 Qxc3 26. bxc3 Nxd1 27. Rxd1 Rxd1+ 28. Bxd1 Rd8 29. Be2 Rd3 30. a5 Rxc3 31. b6 axb6 32. axb6 Rc1+ 33. Kg2 c3 34. Bd3 Rd1 35. b7 Rd2+ 36. Kf1 Rb2 37. Bc2 Rxb7 38. Ke2 Rd7 39. Bb3 Rd2+ 40. Ke1 Rxh2 41. Kd1 Kf8 42. Bxe6 Ke7 0-1

[Event "Lisbon Christmas op"]
[Site "Lisbon"]
[Date "2014.12.27"]
[Round "2"]
[White "Gurel, Ahmet Unal"]
[Black "Suarez Gomez, Julio"]
[Result "0-1"]
[WhiteElo "2012"]
[BlackElo "2368"]
[PlyCount "104"]
[EventDate "2014.12.26"]
[EventType "swiss"]
[EventRounds "9"]
[EventCountry "POR"]
[SourceTitle "CBM 164 Extra"]
[Source "ChessBase"]
[SourceDate "2015.03.02"]
[SourceVersion "1"]
[SourceVersionDate "2015.03.02"]
[SourceQuality "1"]

1. d4 d5 2. c4 e6 3. Nf3 c6 4. Nbd2 f5 5. g3 Nf6 6. Bg2 Bd6 7. 0-0 Nbd7 8. Qc2 0-0 9. b3 Qe7 10. a3 b6 11. Bb2 Bb7 12. Ne5 Rac8 13. e3 Bxe5 14. dxe5 Ng4 15. Nf3 dxc4 16. Qxc4 c5 17. Qc3 Bxf3 18. Bxf3 Ngxe5 19. Be2 Nc6 20. Rad1 Nf6 21. Bf3 Rfd8 22. Rxd8+ Nxd8 23. Rd1 Nf7 24. h4 Nd6 25. Qe5 Nf7 26. Qc3 a6 27. a4 a5 28. Kg2 Rd8 29. Re1 e5 30. Qc2 e4 31. Be2 Ne5 32. Rd1 Rxd1 33. Qxd1 Ned7 34. Bc4+ Kh8 35. Qd2 h6 36. Bb5 Kh7 37. Be2 Ne5 38. Qc3 Nc6 39. Bc4 Qd6 40. Bb5 Kg6 41. Be2 h5 42. Bb5 Qd5 43. Bc4 Qd1 44. Be6 Nb4 45. Qc4 Qf3+ 46. Kg1 Nd3 47. Bf7+ Kh6 48. Bxf6 Qxf2+ 49. Kh1 Qe1+ 50. Kg2 Qd2+ 51. Kh1 Nf2+ 52. Kg2 Ng4+ 0-1

[Event "Kemer Turkey Cup"]
[Site "Kemer"]
[Date "2014.02.07"]
[Round "8"]
[White "Eremkere, Mehmet Halil"]
[Black "Gurel, Ahmet Unal"]
[Result "0-1"]
[WhiteElo "1747"]
[BlackElo "2010"]
[PlyCount "126"]
[EventDate "2014.02.01"]
[EventType "swiss"]
[EventRounds "9"]
[EventCountry "TUR"]
[SourceTitle "CBM 158 Extra"]
[Source "ChessBase"]
[SourceDate "2014.02.28"]
[SourceVersion "1"]
[SourceVersionDate "2014.02.28"]
[SourceQuality "1"]

1. e4 e5 2. Nc3 Nc6 3. Bc4 Nf6 4. d3 Bb4 5. Nge2 d5 6. exd5 Nxd5 7. Bxd5 Qxd5 8. 0-0 Qd8 9. f4 0-0 10. fxe5 Nxe5 11. Qe1 Bc5+ 12. Kh1 Ng4 13. Ne4 Bb6 14. Rf3 f5 15. Ng5 Re8 16. Qf1 Be3 17. Nh3 Bd7 18. Ng3 g6 19. Bxe3 Nxe3 20. Qc1 Qe7 21. Qd2 Ng4 22. Rff1 Qe3 23. Qb4 Qb6 24. Qc3 Qd6 25. Rae1 Bc6 26. Nf4 Rxe1 27. Qxe1 Re8 28. Qd2 Qe7 29. Nh3 Qe5 30. Qg5 Qe3 31. Qxe3 Nxe3 32. Rf2 Nxg2 33. Rxg2 Re1+ 34. Ng1 Rc1 35. h4 Rxc2 36. N3e2 Rxb2 37. Kh2 Bxg2 38. Kxg2 Rxa2 39. Kf3 a5 40. Nc3 Ra1 41. Nge2 a4 42. Nd4 c6 43. Kf4 a3 44. Ke5 Kf7 45. Nb3 Rh1 46. Nc5 b5 47. Kd6 Rh2 48. Kxc6 b4 49. N3a4 a2 50. Nb3 Rh1 51. Nac5 a1Q 52. Nxa1 Rxa1 53. Kb5 Rb1 54. d4 b3 55. Kc4 b2 56. Kb3 Rd1 57. Kxb2 Rxd4 58. h5 gxh5 59. Kc3 Rd8 60. Nb7 Rd7 61. Na5 h4 62. Kb2 h3 63. Nc6 Ke6 0-1

[Event "Kemer Turkey Cup"]
[Site "Kemer"]
[Date "2014.02.06"]
[Round "7"]
[White "Gurel, Ahmet Unal"]
[Black "Sanal, Vahap"]
[Result "0-1"]
[WhiteElo "2010"]
[BlackElo "2407"]
[PlyCount "78"]
[EventDate "2014.02.01"]
[EventType "swiss"]
[EventRounds "9"]
[EventCountry "TUR"]
[SourceTitle "CBM 158 Extra"]
[Source "ChessBase"]
[SourceDate "2014.02.28"]
[SourceVersion "1"]
[SourceVersionDate "2014.02.28"]
[SourceQuality "1"]

1. e4 c5 2. Nc3 e6 3. d3 Nc6 4. g3 g6 5. Bg2 Bg7 6. Nge2 Nge7 7. 0-0 0-0 8. Be3 d6 9. d4 cxd4 10. Nxd4 Ne5 11. Qe2 a6 12. f4 N5c6 13. Nb3 Rb8 14. Rad1 Qc7 15. g4 f5 16. exf5 gxf5 17. g5 b5 18. Qh5 Bd7 19. Kh1 b4 20. Ne2 Ng6 21. Rf3 Bxb2 22. Rh3 Rf7 23. Ng3 Nce7 24. Qe2 Bc6 25. Nd4 Bxg2+ 26. Qxg2 Qc4 27. Nh5 Nd5 28. Qf3 Re8 29. Bg1 Ndxf4 30. Nxf4 Nxf4 31. Qxf4 e5 32. Qf1 Qxf1 33. Rxf1 exd4 34. Rd3 Re4 35. Rfd1 Rc7 36. Bxd4 Bxd4 37. Rxd4 Rxc2 38. Rxd6 Rxa2 39. Rf6 Re8 0-1

[Event "Kemer Turkey Cup"]
[Site "Kemer"]
[Date "2014.02.04"]
[Round "5"]
[White "Gurel, Ahmet Unal"]
[Black "Ertan, Can"]
[Result "1-0"]
[WhiteElo "2010"]
[BlackElo "2276"]
[PlyCount "121"]
[EventDate "2014.02.01"]
[EventType "swiss"]
[EventRounds "9"]
[EventCountry "TUR"]
[SourceTitle "CBM 158 Extra"]
[Source "ChessBase"]
[SourceDate "2014.02.28"]
[SourceVersion "1"]
[SourceVersionDate "2014.02.28"]
[SourceQuality "1"]

1. d4 Nf6 2. Nf3 e6 3. c4 b6 4. g3 Ba6 5. Qc2 c5 6. d5 exd5 7. cxd5 Bb7 8. Bg2 Bxd5 9. Nc3 Bc6 10. 0-0 Qc7 11. e4 d6 12. Rd1 Nbd7 13. Nh4 g6 14. f4 0-0-0 15. a4 Qb7 16. b4 cxb4 17. Nd5 Kb8 18. Bb2 Bxd5 19. exd5 Bg7 20. Nf3 Rc8 21. Qb3 Nc5 22. Qxb4 Rhe8 23. Nd4 Re3 24. Nc6+ Ka8 25. Bd4 Rb3 26. Qc4 Qa6 27. Qc2 Ne8 28. Bxc5 Rc3 29. Qe4 Rxc5 30. Rac1 Rxc1 31. Rxc1 Qb7 32. Re1 Nf6 33. Qe7 Qc7 34. Bh3 Nxd5 35. Qxc7 Rxc7 36. Bg2 Nc3 37. Na5+ Kb8 38. Re8+ Rc8 39. Nc6+ Kb7 40. Ne7+ Kc7 41. Nxc8 Kd7 42. Re7+ Kxc8 43. Rxa7 Bd4+ 44. Kf1 h6 45. Bc6 f6 46. Rg7 g5 47. fxg5 hxg5 48. h4 gxh4 49. gxh4 d5 50. h5 Be3 51. Rg3 Bd4 52. h6 Kc7 53. Bb5 f5 54. h7 Kd6 55. Rg8 Nxb5 56. axb5 Kc5 57. h8Q Bxh8 58. Rxh8 Kxb5 59. Ke2 Kb4 60. Kd3 b5 61. Rf8 1-0

[Event "Kemer Turkey Cup"]
[Site "Kemer"]
[Date "2014.02.03"]
[Round "4"]
[White "Hatipli, Mehmet"]
[Black "Gurel, Ahmet Unal"]
[Result "0-1"]
[WhiteElo "1815"]
[BlackElo "2010"]
[PlyCount "74"]
[EventDate "2014.02.01"]
[EventType "swiss"]
[EventRounds "9"]
[EventCountry "TUR"]
[SourceTitle "CBM 158 Extra"]
[Source "ChessBase"]
[SourceDate "2014.02.28"]
[SourceVersion "1"]
[SourceVersionDate "2014.02.28"]
[SourceQuality "1"]

1. Nf3 Nf6 2. g3 g6 3. Bg2 Bg7 4. c4 0-0 5. 0-0 d6 6. d4 Nc6 7. Nc3 Bf5 8. d5 Na5 9. Nd2 c5 10. e4 Bd7 11. Qe2 a6 12. Rb1 Rb8 13. f4 Ng4 14. Nd1 b5 15. Bf3 f5 16. h3 Nh6 17. e5 dxe5 18. fxe5 Qc7 19. Re1 Be8 20. Nc3 Nf7 21. d6 exd6 22. Nd5 Qa7 23. exd6 Ne5 24. Nb3 Naxc4 25. Bf4 Bd7 26. Ne7+ Kh8 27. Bd5 Qb6 28. Bxc4 Nxc4 29. Rbd1 Bc6 30. Qe6 Be4 31. Rxe4 fxe4 32. Qxe4 Rbd8 33. Qd5 Rxf4 34. gxf4 Ne3 35. Qd3 Nxd1 36. Nxg6+ hxg6 37. Qxg6 c4+ 0-1

[Event "Kemer Turkey Cup"]
[Site "Kemer"]
[Date "2014.02.01"]
[Round "1"]
[White "Gurel, Ahmet Unal"]
[Black "Hatipoglu, Metin"]
[Result "1-0"]
[WhiteElo "2010"]
[BlackElo "1828"]
[PlyCount "72"]
[EventDate "2014.02.01"]
[EventType "swiss"]
[EventRounds "9"]
[EventCountry "TUR"]
[SourceTitle "CBM 158 Extra"]
[Source "ChessBase"]
[SourceDate "2014.02.28"]
[SourceVersion "1"]
[SourceVersionDate "2014.02.28"]
[SourceQuality "1"]

1. d4 Nf6 2. Nf3 e6 3. c4 d5 4. Nc3 Be7 5. Bg5 0-0 6. e3 h6 7. Bf4 a6 8. cxd5 exd5 9. Bd3 Be6 10. 0-0 Nbd7 11. h3 c5 12. dxc5 Nxc5 13. Bc2 Nfe4 14. Be5 b5 15. a3 f5 16. Ne2 Bf6 17. Ned4 Qe8 18. b4 Nd7 19. Bxf6 Rxf6 20. a4 Nb6 21. axb5 Nc3 22. Qd3 Nxb5 23. Nxb5 axb5 24. Rxa8 Nxa8 25. Ra1 Nb6 26. Ra6 Nc4 27. Nd4 Bf7 28. Rxf6 gxf6 29. Qxf5 Qe5 30. Qh7+ Kf8 31. Qxh6+ Ke8 32. Qh8+ Kd7 33. Bf5+ Kc7 34. Qc8+ Kb6 35. Qc6+ Ka7 36. Nxb5+ Kb8 1-0

[Event "TUR-ch"]
[Site "Antalya"]
[Date "2013.02.07"]
[Round "9"]
[White "Sahin, Huseyin"]
[Black "Gurel, Ahmet Unal"]
[Result "0-1"]
[WhiteElo "1835"]
[BlackElo "1995"]
[PlyCount "116"]
[EventDate "2013.02.02"]
[EventType "swiss"]
[EventRounds "11"]
[EventCountry "TUR"]
[SourceTitle "CBM 152 Extra"]
[Source "ChessBase"]
[SourceDate "2013.02.25"]
[SourceVersion "1"]
[SourceVersionDate "2013.02.25"]
[SourceQuality "1"]

1. e4 e5 2. Nf3 Nc6 3. d4 exd4 4. Nxd4 Nf6 5. Nc3 Bb4 6. Nxc6 bxc6 7. Bd3 d5 8. exd5 cxd5 9. 0-0 0-0 10. Bg5 c6 11. Qf3 Be7 12. h3 h6 13. Bh4 Rb8 14. b3 Rb4 15. Bg3 Be6 16. Rad1 Bd6 17. Ne2 Bxg3 18. Nxg3 Qc7 19. Nf5 Bxf5 20. Bxf5 Re8 21. Rfe1 Rbb8 22. Bd3 Re5 23. c4 Rbe8 24. Rxe5 Qxe5 25. cxd5 cxd5 26. Rb1 Rc8 27. Qd1 Qc3 28. b4 d4 29. a4 Nd5 30. Qb3 Qxb3 31. Rxb3 Rc3 32. Rxc3 dxc3 33. Kf1 Nxb4 34. Ke2 c2 35. Bxc2 Nxc2 36. Kd3 Nb4+ 37. Kc4 Na6 38. Kd5 Kf8 39. Kc6 Ke7 40. a5 Nb4+ 41. Kb5 Kd6 42. Kxb4 Kc6 43. f4 f5 44. Kc4 a6 45. Kd4 Kd6 46. h4 h5 47. g3 g6 48. Kc4 Kc6 49. Kd4 Kb5 50. Kd5 Kxa5 51. Kc5 Ka4 52. Kc4 a5 53. Kd5 Kb5 54. Ke6 a4 55. Kf6 a3 56. Kxg6 a2 57. Kxh5 a1Q 58. Kg5 Qg7+ 0-1

[Event "TUR-ch"]
[Site "Antalya"]
[Date "2013.02.05"]
[Round "5"]
[White "Doner, Mustafa"]
[Black "Gurel, Ahmet Unal"]
[Result "0-1"]
[WhiteElo "1698"]
[BlackElo "1995"]
[PlyCount "56"]
[EventDate "2013.02.02"]
[EventType "swiss"]
[EventRounds "11"]
[EventCountry "TUR"]
[SourceTitle "CBM 152 Extra"]
[Source "ChessBase"]
[SourceDate "2013.02.25"]
[SourceVersion "1"]
[SourceVersionDate "2013.02.25"]
[SourceQuality "1"]

1. d4 d5 2. c4 e6 3. Nc3 Nf6 4. Bg5 c6 5. cxd5 exd5 6. Qc2 Be7 7. e3 0-0 8. Bd3 Nbd7 9. Nge2 Re8 10. 0-0 Nf8 11. Rab1 a5 12. a3 g6 13. b4 axb4 14. axb4 Ne6 15. Bxf6 Bxf6 16. Na4 Bd7 17. Nc5 Nxc5 18. bxc5 Ra7 19. Rb6 Qc7 20. Rfb1 Rea8 21. Nc3 Kg7 22. R6b4 Bd8 23. Na4 Qa5 24. Nb6 Bxb6 25. cxb6 Ra6 26. Bxa6 Rxa6 27. Qc5 Qa2 28. R4b3 Qxb3 0-1

[Event "TUR-ch"]
[Site "Kemer"]
[Date "2012.02.02"]
[Round "7"]
[White "Gurel, Ahmet Unal"]
[Black "Zor, Alber Kadir"]
[Result "0-1"]
[WhiteElo "2004"]
[BlackElo "1879"]
[PlyCount "92"]
[EventDate "2012.01.29"]
[EventType "swiss"]
[EventRounds "10"]
[EventCountry "TUR"]
[SourceTitle "CBM 146 Extra"]
[Source "ChessBase"]
[SourceDate "2012.02.29"]
[SourceVersion "1"]
[SourceVersionDate "2012.02.29"]
[SourceQuality "1"]

1. Nf3 d5 2. c4 e6 3. g3 Nf6 4. Bg2 Be7 5. d4 0-0 6. 0-0 dxc4 7. Qa4 a6 8. Qxc4 b5 9. Qc2 Bb7 10. Bd2 Ra7 11. Rc1 Be4 12. Qb3 Bd5 13. Qc2 Be4 14. Qb3 Bd5 15. Qd1 Nc6 16. Bf4 Bxf3 17. Bxf3 Nxd4 18. Bg2 c5 19. Nc3 Rd7 20. Qf1 Qb6 21. e4 h6 22. h3 Rfd8 23. Kh2 c4 24. g4 Nh7 25. Bg3 Nc6 26. e5 Nb4 27. Rab1 Rd2 28. Ne4 R2d7 29. f4 Nxa2 30. Re1 Bf8 31. f5 Nb4 32. h4 Nd3 33. Re2 Nc5 34. f6 g6 35. Qg1 Qc7 36. Nd6 Nxf6 37. Bh3 Ne8 38. Nxe8 Rxe8 39. Rf1 Red8 40. Qe3 Rd3 41. Qf4 R8d4 42. Qc1 Nb3 43. Qe1 Rd2 44. Bf4 Rxe2+ 45. Qxe2 Bg7 46. Rf2 Rxf4 0-1

[Event "TUR-ch"]
[Site "Kemer"]
[Date "2012.01.31"]
[Round "5"]
[White "Gurel, Ahmet Unal"]
[Black "Bulgurlu, Okan"]
[Result "1/2-1/2"]
[WhiteElo "2004"]
[BlackElo "1739"]
[PlyCount "80"]
[EventDate "2012.01.29"]
[EventType "swiss"]
[EventRounds "10"]
[EventCountry "TUR"]
[SourceTitle "CBM 146 Extra"]
[Source "ChessBase"]
[SourceDate "2012.02.29"]
[SourceVersion "1"]
[SourceVersionDate "2012.02.29"]
[SourceQuality "1"]

1. c4 Nf6 2. Nc3 e6 3. Nf3 b6 4. g3 Bb7 5. Bg2 Be7 6. d4 d5 7. Qa4+ Qd7 8. Qb3 c5 9. cxd5 exd5 10. 0-0 Nc6 11. Ne5 Qe6 12. Nxd5 Rc8 13. Nxe7 Qxe7 14. Nxc6 Bxc6 15. d5 Bd7 16. e4 0-0 17. Re1 Ng4 18. Qc3 c4 19. f4 Qc5+ 20. Be3 Nxe3 21. Qxe3 Rfe8 22. Qxc5 Rxc5 23. e5 b5 24. Rad1 a5 25. Kf2 c3 26. bxc3 Rxc3 27. Rd2 Kf8 28. h3 b4 29. Rb2 Ke7 30. g4 g6 31. Ree2 Rec8 32. Bf3 R8c4 33. e6 fxe6 34. dxe6 Bc6 35. Bxc6 Rxf4+ 36. Kg2 Rxc6 37. Re5 a4 38. Kg3 Rfc4 39. Rb5 Rc3+ 40. Kh4 h6 1/2-1/2

[Event "TUR-chT2"]
[Site "Konya"]
[Date "2011.07.08"]
[Round "7"]
[White "Sari, Serdar"]
[Black "Gurel, Ahmet Unal"]
[Result "1-0"]
[WhiteElo "2032"]
[BlackElo "2019"]
[PlyCount "71"]
[EventDate "2011.07.04"]
[EventType "team-swiss"]
[EventRounds "9"]
[EventCountry "TUR"]
[SourceTitle "CBM 143 Extra"]
[Source "ChessBase"]
[SourceDate "2011.08.29"]
[SourceVersion "1"]
[SourceVersionDate "2011.08.29"]
[SourceQuality "1"]
[WhiteTeam "Ankara Demirspor"]
[BlackTeam "Mersin Akdeniz Belediyesi"]
[WhiteTeamCountry "TUR"]
[BlackTeamCountry "TUR"]

1. e4 e5 2. Nf3 Nc6 3. Bc4 Nf6 4. d3 Bc5 5. Bg5 d6 6. Nbd2 Na5 7. c3 Nxc4 8. Nxc4 Be6 9. b4 Bxc4 10. bxc5 Ba6 11. 0-0 0-0 12. Re1 dxc5 13. Nxe5 Qd6 14. Bxf6 gxf6 15. Ng4 f5 16. e5 Qg6 17. Nf6+ Kh8 18. Re3 f4 19. Rh3 h6 20. Qf3 Rg8 21. Nxg8 Rxg8 22. Rd1 Bb5 23. g3 Bd7 24. Rh4 Bg4 25. Qxf4 Kh7 26. f3 Be6 27. Rd2 Rd8 28. Qe3 b6 29. Rf4 Rg8 30. Rf6 Qg5 31. f4 Qh5 32. Qe4+ Kh8 33. f5 Bc8 34. Qf4 Kh7 35. e6 fxe6 36. fxe6 1-0